Big Mac Index Top 20 Countries: Where Are Big Macs Most Expensive? - Statistics

General Stats
  • This quiz has been taken 52 times
  • The average score is 10 of 20
Answer Stats
Big Mac Price (in U.S. Dollars) Country % Correct
$5.69 United States
90%
$5.52 Canada
84%
$5.90 United Kingdom
80%
$6.77 Norway
78%
$8.07 Switzerland
73%
$5.60 Sweden
71%
$5.06 Australia
65%
$5.66 Denmark
65%
$4.99 New Zealand
59%
$5.10 Mexico
57%
$4.97 Singapore
51%
$4.90 United Arab Emirates
45%
$5.27 Poland
43%
$5.06 Saudi Arabia
43%
$6.55 Argentina
39%
$4.68 Turkey
37%
$7.07 Uruguay
24%
$4.90 Colombia
20%
$5.62 Costa Rica
18%
$5.69 Sri Lanka
6%
No matching quizzes found
Score Distribution
Percent of People with Each Score
Percentile by Number Answered
Your Score History
You have not taken this quiz